Técnicas de higiene urbana (Record no. 26263)

MARC details
000 -LEADER
campo de control de longitud fija 00840nam a2200205 i 4500
001 - NÚMERO DE CONTROL
campo de control 26263
003 - IDENTIFICADOR DE NÚMERO DE CONTROL
campo de control ES-MaACL
005 - FECHA Y HORA DE LA ÚLTIMA TRANSACCIÓN
campo de control 20250827022413.0
007 - CAMPO FIJO DE DESCRIPCIÓN FÍSICA--INFORMACIÓN GENERAL
campo de control de longitud fija t|
008 - DATOS DE LONGITUD FIJA--INFORMACIÓN GENERAL
campo de control de longitud fija 030108s1977 sp ||||1| spa d
110 2# - ENTRADA PRINCIPAL--NOMBRE DE ENTIDAD CORPORATIVA
Nombre de entidad corporativa o nombre de jurisdicción como elemento de entrada Association Générale des Hygienistes et Techniciens Municipaux.
9 (RLIN) 1822
245 10 - MENCIÓN DEL TÍTULO
Título Técnicas de higiene urbana
Resto del título : recogida y tratamiento de basuras, limpieza de las vías públicas /
Mención de responsabilidad, etc. ... prólogo de André Herzog... ; traducido... por Francisco Sanabria Celis.
260 ## - PUBLICACIÓN, DISTRIBUCIÓN, ETC.
Lugar de publicación, distribución, etc. Madrid :
Nombre del editor, distribuidor, etc. Instituto de Estudios de Administracion Local,
Fecha de publicación, distribución, etc. 1977.
300 ## - DESCRIPCIÓN FÍSICA
Extensión XIV, 701 p. ;
Dimensiones 25 cm.
700 1# - ENTRADA AGREGADA--NOMBRE PERSONAL
Nombre de persona Herzog, André.
9 (RLIN) 63444
700 1# - ENTRADA AGREGADA--NOMBRE PERSONAL
Nombre de persona Sanabria Celis, Francisco.
9 (RLIN) 102319
710 2# - ENTRADA AGREGADA--NOMBRE DE ENTIDAD CORPORATIVA
Nombre de entidad corporativa o nombre de jurisdicción como elemento de entrada Instituto de Estudios de Administración Local (España)
9 (RLIN) 4893
852 ## - LOCALIZACIÓN
Ubicación ES-MaACL
Número de control de estantería A-7312
Sublocalización o colección R.96332
Holdings
Estatus retirado Estado de pérdida Estado de daño No para préstamo Biblioteca de origen Biblioteca actual Ubicación en estantería Fecha de adquisición Fuente de adquisición Total de préstamos Signatura topográfica completa Código de barras Visto por última vez Precio de reemplazo Tipo de ítem Koha
        Biblioteca del Ateneo de Madrid Biblioteca del Ateneo de Madrid Sala Pecera Planta 1 17/01/2008     A-7312 1027103 23/02/2023 23/02/2023 Libro impreso